1224 1731 1286 1336 1928 1509 1297 1999 1805 1867 1059 1968 1927 1826 1578 1822 1778 1668 1048 1329 1923 1929 1818 1085 1817 1504 1853 1580 1071 1236 1210 1452 1610 1053 1122 1634 1220 1265 1490 1661 1302 1183 1636 1935 1170 1357 1229 1369 1928 1498 1806 1094 1695 1064 1710 1492 1890 1166 1439 1232 1271 1990 1398 1340 1782 1375 1970 1614 1830 1849 1403 1551 1016 1819 1817 1064 1641 1589 1413 1364 1767 1783 1209 1399 1074 1578 1589 1772 1845 1059 1641 1751 1178 1320 1268 1786 1423 1770 1965 BCNSPRNW ULIB Ver.6.0+V

เปลี่ยนเป็นภาษาไทย

Change to English
 แสดงรายละเอียดบรรณานุกรม
  กลับหน้าหลัก

Brief Record : Get Marc (ISO 2709) : E-mail record : QR code < ปิดหน้าต่าง
LEADER : 00000nam 2200000uu 4500
001    13399112903
003     ULIB
008    110916s2553||||th 000 0 tha d
020    9786165000345
090    นว.^bณ429ต 2553
100 0  ณารา
245 00 ตราบสิ้นสิเน่หา/^cณารา
250    พิมพ์ครั้งที่ 2
260    กรุงเทพฯ :^bพิมพ์คำ,^c2553
300    488 หน้า
945    ^p290^l0^i17001
995    กัณชพร
999    ^aใช้งานได้ทุกระบบ
รายการนี้ยังไม่มีแท็ก
คุณยังไม่ได้ล็อกอิน คุณสามารถมีกิจกรรมร่วมกับเว็บไซต์ได้ แต่ต้องล็อกอินก่อน ::
  ล็อกอิน

รายการสื่อสารสนเทศ

ลำดับที่ ประเภท เลขเรียก/บาร์โค้ด สถานที่ สถานะ
1. นวนิยาย
นวนิยาย
นว. ณ429ต 2553  
  Barcode: 17001
ห้องสมุดวิทยาเขตสวรรค์ประชารักษ์
►นวนิยาย
บนชั้น
  ขอยืม

รายการใกล้เคียง
    ผู้แต่ง [ณารา]

BibComment


ยังไม่เคยถูกคอมเมนท์

คอมเมนท์ทรัพยากรรายการนี้
  คอมเมนท์: ตราบสิ้นสิเน่หา ณ..


 Copyright 2026. Bcnsprnw @Library